Sport - Les pays traversés par le Tour de France - Statistiques

Statistiques générales
  • Ce quiz a été pris 1 238 fois
  • Le résultat moyen est 11 sur 12
Statistiques - réponses
Nombre de
visites
Pays % Correct
22 Espagne
100%
50 Belgique
99%
15 Italie
99%
37 Suisse
99%
18 Allemagne
98%
10 Pays-Bas
96%
9 Luxembourg
95%
4 Royaume-Uni
94%
6 Andorre
93%
1 Danemark
90%
6 Monaco
86%
1 Irlande
74%
Aucun quiz correspondant
Distribution des résultats
% des personnes avec chaque résultat
Percentile par nombre de réponses
Votre historique - résultats
Vous n’avez pas pris ce quiz